000 00511nam a2200157 i 4500
001 35061
003 ES-MaACL
005 20230906155039.0
007 t|
008 030211s1965 sp ||||1| spa d
100 1 _aBorrás Vidaola, Enrique.
_930563
245 1 0 _aSanta Mª Micaela del Santísimo, Vizcondesa de Jorbalán
_b: (adoración y caridad) /
_cE. Borrás Vidaola.
260 _aMadrid :
_bs.n.,
_c1965] (
_fGráf. Yagües)
300 _a62 p., 2 lám. ;
_c20 cm.
852 _aES-MaACL
_jC-28810
_bR.57796
999 _c35061
_d35061